00365nam a2200133Ia 4500003000900000005001700009008004100026040003300067041000800100080001100108245005700119260003700176300001800213LK-CoDNM20240805101341.0010623t1913 xxu||||| |||| 00| 1 eng d aLK-CoDNMdLK-CoDNMeLK-CoDNM aeng a16bF7 aThe Jaatakas : Stories of the Buddha's former Births bCambridge University Pressc1913 b63p. ; 26 cm